000 00940nac a22002657a 4500
001 BR7702607
003 BR-BrBNA
005 20240105114054.0
008 230509b bl.|||m| |||| 00| 0 por d
040 _aBR-BrBNA
_bpor
_cBiblioteca Nacional de Agricultura
072 _aD50; E10
090 _aD50 BR7702607
110 1 _aEmpresa de Pesquisa Agropecuaria de Minas Gerais, Belo Horizonte (Brasil)
245 1 _aAtos constitutivos [Empresa de Pesquisa Agropecuaria de Minas Gerais; Legislacao; Macroeconomia; Brasil]
260 3 _aBelo Horizonte, MG (Brasil):
_cAug 1977.
300 _a86 p.
490 _aSerie. Documentos Organizacionais - Empresa de Pesquisa Agropecuaria de Minas Gerais (Brazil)
_vno. 1
_x
650 _aLegislacao
650 _aMacroeconomia
650 _aDecreto
650 _aEmpresa agricola
650 _aPesquisa pecuaria
909 _a202312
_bLúcia Elande
_c55
_dLúcia Elande
942 _2AGRIS
_n0
_cMS
999 _c267227
_d267227